000 00506nam a22001937a 4500
005 20240401094655.0
008 240401b |||||||| |||| 00| 0 eng d
020 _a9780781774314
082 _a615
_bTAN-G
100 _aTank Patrick W.
245 _aGrant's Dissector
_cTank W.Patrick
250 _a4th ed.
260 _aIndia :
_bWolter Kluwer ;
_c2009.
300 _axv, 269p. :
_bill;
_c27 cm.
500 _aInclude index .
650 _aMedical / Anatomy
700 _aTank W.Patrick
999 _c35510
_d35510